Laddar...

Networks in the first global age 1400-1800

Bibliografiska uppgifter
Huvudupphovsman: Mukherjee, Rila, Ed
Materialtyp: Printed Book
Publicerad: Indian Council of Historical Research, New Delhi 2011
Ämnen:
LEADER 00534nam a2200157 4500
082 |a 954.02 MUK/N 
100 |a Mukherjee, Rila, Ed. 
245 |a Networks in the first global age 1400-1800  |c Mukherjee, Rila, Ed. 
250
260 |a Indian Council of Historical Research, New Delhi  |c 2011 
300 |a 380 P 
490
650 |a Medieval Indian history--Central Asia--Trade 
942 |c BK 
999 |c 190999  |d 190999 
952 |0 0  |1 0  |4 0  |6 954_020000000000000_MUK_N  |7 0  |9 204348  |a ISL  |b ISL  |l 0  |o 954.02 MUK/N  |p ISL05622  |r 2019-10-28  |w 2019-10-28  |y BK